00376nam a2200157Ia 4500003000400000005001700004008004100021020001800062040000900080082001700089100002100106245003200127260004200159300000900201650000800210OSt20201023121820.0190216s9999||||xx |||||||||||||| ||und|| a9781609414115 coclc a813.6bYOU/S a Young, Paul W M 4aThe Shack /cW M Paul Young bWind Blown Media,c2011.aCalifornia: a279p aEng